Israel and Judah redefined: migration, trauma, and empire in the sixth century BCE
| Main Author: | |
|---|---|
| Format: | Print Book |
| Language: | English |
| Subito Delivery Service: | Order now. |
| Check availability: | HBZ Gateway |
| WorldCat: | WorldCat |
| Interlibrary Loan: | Interlibrary Loan for the Fachinformationsdienste (Specialized Information Services in Germany) |
| Published: |
Cambridge New York, NY Port Melbourne New Delhi Singapore
Cambridge University Press
2021
|
| In: | Year: 2021 |
| Series/Journal: | Society for Old Testament study Monograph series
|
| Standardized Subjects / Keyword chains: | B
Israel (Antiquity)
/ Babylonian Exile (motif)
/ Psychic trauma
/ Postcolonialism
/ Sociology of immigration
|
| IxTheo Classification: | HB Old Testament |
| Further subjects: | B
Jews
History Babylonian captivity, 598-515 B.C
B Jews Identity B Bible. Old Testament Criticism, interpretation, etc B Exile (punishment) Biblical teaching B Psychic trauma Biblical teaching |
MARC
| LEADER | 00000cam a2200000 c 4500 | ||
|---|---|---|---|
| 001 | 1761243802 | ||
| 003 | DE-627 | ||
| 005 | 20251226193826.0 | ||
| 007 | tu | ||
| 008 | 210624s2021 xx ||||| 00| ||eng c | ||
| 016 | 7 | |a GBC194674 |2 UK | |
| 020 | |a 9781108473767 |c hbk. |9 978-1-108-47376-7 | ||
| 035 | |a (DE-627)1761243802 | ||
| 035 | |a (DE-599)KXP1761243802 | ||
| 035 | |a (OCoLC)1317770628 | ||
| 035 | |a (Uk)020224885 | ||
| 040 | |a DE-627 |b ger |c DE-627 |e rda | ||
| 041 | |a eng | ||
| 082 | 0 | |a 221.95 |2 23 | |
| 084 | |a 11.40 |2 bkl | ||
| 084 | |a 11.05 |2 bkl | ||
| 084 | |a 11.43 |2 bkl | ||
| 100 | 1 | |e VerfasserIn |0 (DE-588)139934367 |0 (DE-627)614210526 |0 (DE-576)313616116 |4 aut |a Crouch, Carly L. |d 1982- | |
| 109 | |a Crouch, Carly L. 1982- |a Crouch, C. L. 1982- |a Crouch, Carly Lorraine 1982- |a Crouch, C.L. 1982- | ||
| 245 | 1 | 0 | |a Israel and Judah redefined |b migration, trauma, and empire in the sixth century BCE |c C.L. Crouch |
| 264 | 1 | |a Cambridge |a New York, NY |a Port Melbourne |a New Delhi |a Singapore |b Cambridge University Press |c 2021 | |
| 300 | |a xi, 180 Seiten | ||
| 336 | |a Text |b txt |2 rdacontent | ||
| 337 | |a ohne Hilfsmittel zu benutzen |b n |2 rdamedia | ||
| 338 | |a Band |b nc |2 rdacarrier | ||
| 490 | 0 | |a Society for Old Testament study |a Monograph series | |
| 500 | |a Print on demand edition. - Includes bibliographical references and index | ||
| 630 | 2 | 0 | |a Bible |p Old Testament |x Criticism, interpretation, etc |
| 650 | 0 | |a Jews |x History |y Babylonian captivity, 598-515 B.C | |
| 650 | 0 | |a Jews |x Identity | |
| 650 | 0 | |a Exile (punishment) |x Biblical teaching | |
| 650 | 0 | |a Psychic trauma |x Biblical teaching | |
| 652 | |a HB |b DDCoderRVK | ||
| 689 | 0 | 0 | |d g |0 (DE-588)4072956-4 |0 (DE-627)106093711 |0 (DE-576)209188804 |2 gnd |a Israel |g Altertum |
| 689 | 0 | 1 | |d s |0 (DE-588)4143849-8 |0 (DE-627)105602655 |0 (DE-576)209729457 |2 gnd |a Babylonisches Exil |
| 689 | 0 | 2 | |d s |0 (DE-588)4060749-5 |0 (DE-627)106138529 |0 (DE-576)209136456 |2 gnd |a Psychisches Trauma |
| 689 | 0 | 3 | |d s |0 (DE-588)4566658-1 |0 (DE-627)306090619 |0 (DE-576)21377948X |2 gnd |a Postkolonialismus |
| 689 | 0 | 4 | |d s |0 (DE-588)1156876761 |0 (DE-627)1019836946 |0 (DE-576)502480009 |2 gnd |a Migrationssoziologie |
| 689 | 0 | |5 (DE-627) | |
| 776 | 1 | |z 9781108621595 | |
| 935 | |a mteo | ||
| 936 | b | k | |a 11.40 |j Exegese |j Hermeneutik |x Altes Testament |q SEPA |0 (DE-627)106413260 |
| 936 | b | k | |a 11.05 |j Religionssoziologie |q SEPA |0 (DE-627)106404202 |
| 936 | b | k | |a 11.43 |j Altes Testament in Beziehung zu anderen Kulturen |q SEPA |0 (DE-627)106404318 |
| 951 | |a BO | ||
| BIB | |a 1 | ||
| ELC | |b 1 | ||
| LOK | |0 000 xxxxxcx a22 zn 4500 | ||
| LOK | |0 001 3941208888 | ||
| LOK | |0 003 DE-627 | ||
| LOK | |0 004 1761243802 | ||
| LOK | |0 005 20210624231212 | ||
| LOK | |0 008 210622||||||||||||||||ger||||||| | ||
| LOK | |0 040 |a DE-Tue135 |c DE-627 |d DE-Tue135 | ||
| LOK | |0 092 |o n | ||
| LOK | |0 852 |a DE-Tue135 | ||
| LOK | |0 852 1 |9 00 | ||
| LOK | |0 935 |a ixbt | ||
| LOK | |0 939 |a 22-06-21 |b l01 | ||
| ORI | |a SA-MARC-ixtheoa001.raw | ||
| STA | 0 | 0 | |a Babylonian Exile (motif),Babylonian Captivity,Jews,Postcolonialism,Postcolonialism,Psychic trauma,Psychic trauma,Psychic trauma in art,Sociology of immigration |
| STB | 0 | 0 | |a Exil à Babylone (motif),Captivité de Babylone,Postcolonialisme,Postcolonialisme,Sociologie des migrations et des relations interculturelles,Traumatisme psychique,Traumatisme psychique |
| STC | 0 | 0 | |a Exilio Babilónico,Postcolonialismo,Postcolonialismo,Sociología de las migraciones,Trauma psíquico,Trauma psíquico |
| STD | 0 | 0 | |a Cattività babilonese,Postocolonialismo,Postcolonialismo,Sociologia delle migrazioni,Trauma psichico,Trauma psichico |
| STE | 0 | 0 | |a 后殖民主义,后殖民主义,巴比伦囚掳,精神创伤,心灵创伤,心理创伤 |
| STF | 0 | 0 | |a 巴比倫囚擄,後殖民主義,後殖民主義,精神創傷,心靈創傷,心理創傷 |
| STG | 0 | 0 | |a Exílio Babilônico,Pós-colonialismo,Pós-colonialismo,Trauma psíquico,Trauma psíquico |
| STH | 0 | 0 | |a Вавилонский плен,Постколониализм (мотив),Постколониализм,Психическая травма (мотив),Психическая травма |
| STI | 0 | 0 | |a Βαβυλωνιακή εξορία,Μεταποικιοκρατία (μοτίβο),Μεταποικιοκρατία,Ψυχικό τραύμα (μοτίβο),Ψυχικό τραύμα |
| SUB | |a BIB | ||
| SYG | 0 | 0 | |a Israel , Medinat Jisrael,Yiśraʾel,Ereṣ Yiśraʾel,Israël,Etat d'Israël,State of Israel,Yiśrāʾēl,Ereṣ Yiśrāʾēl,Medînat Yiśrā'ēl,Isrāʾīl,Izrael , Israel,Israel,Isrā'īl al-Kaskari , Babylonische Gefangenschaft , Psychische Traumatisierung,Psychotrauma,Trauma , Postkolonialität , Migration |
| TIM | |a 099994030101_099994621231 |b Babylonisches Exil v597-v538 | ||